=LDR 00000nam 2200000 4500 =001 NUTBA000000000003203 =005 20140807090252.0 =006 =007 =008 =020 ##$$a 978-602-18739-4-6 =035 ##$$a 0010-081400000000047 =040 ##$$a NBPDMAT =082 ##$$a 372.7 =090 ##$$a 372.7 $b Sri s =100 ##$$a Sri Widayati =245 ##$$a 160 tantangan matematika bercerita yang memeras otak / $c Sri Widayati =260 ##$$a Yogyakarta : $b Bangkit, $c 2012 =300 ##$$a 161 hlm. $b ilus. ; $c 18 cm. =650 ##$$a Matematika - SD =850 ##$$a NBPDMAT =990 ##$$a 21406302